Science Quiz

Random Science or Letter Quiz

'VXY' Dog Breed Picture Click Quiz Stats

 Plays Quiz not verified by Sporcle

Score 0/7 Timer 02:30
0 Plays Today
% Correct
Xoloitzcuintli
91.3%
Yorkshire Terrier
83.1%
Vizsla
79.3%
Yakutian Laika
71.6%
Yorkipoo
63.1%
Zuchon
58.7%
Volpino Italiano
57.3%

You're not logged in!

Compare scores with friends on all Sporcle quizzes.
OR
Log In

Show Comments

Extras

Top Quizzes Today


Score Distribution

Your Account Isn't Verified!

In order to create a playlist on Sporcle, you need to verify the email address you used during registration. Go to your Sporcle Settings to finish the process.

Report this User

Report this user for behavior that violates our Community Guidelines.

Details: